Statistics for Most Superbowl Winning QBs

Click here to take the quiz!

General Stats

  • This quiz has been taken 37 times
    (30 since last reset)
  • The average score is 21 of 33

Answer Stats

HintAnswer% Correct
7Tom Brady
100%
2Eli Manning
92%
3Joe Montana
92%
2Peyton Manning
92%
1Patrick Mahomes
88%
1Aaron Rodgers
85%
1Brett Favre
85%
2John Elway
85%
1Kurt Warner
81%
1Russell Wilson
81%
1Steve Young
81%
4Terry Bradshaw
77%
1Joe Flacco
73%
1Drew Brees
69%
1Nick Foles
69%
3Troy Aikman
69%
1Johnny Unitas
65%
2Bart Starr
62%
1Joe Namath
58%
2Roger Staubach
58%
2Ben Roethlisberger
54%
1Brad Johnson
54%
1Doug Williams
54%
2Bob Griese
50%
1Joe Theissman
50%
1Jim McMahon
42%
1Trent Dilfer
42%
1Jeff Hostetler
38%
2Jim Plunkett
38%
1Ken Stabler
38%
1Len Dawson
38%
1Phil Simms
38%
1Mark Rypien
35%

Score Distribution

Percentile by Number Answered

Percent of People with Each Score

Your Score History

You have not taken this quiz since the last reset